[Event "BL2 West 0809 (Women)"]
[Site "Germany"]
[Date "2008.11.08"]
[Round "1.2"]
[White "Sarana Hungeling, Oksana"]
[Black "Huppertz, Andrea"]
[Result "1-0"]
[WhiteElo "2231"]
[BlackElo "1842"]
[PlyCount "77"]
[EventDate "2008.11.08"]
[EventType "team-tourn"]
[EventRounds "7"]
[EventCountry "GER"]
[SourceTitle "EXT 2010"]
[Source "ChessBase"]
[SourceDate "2010.11.25"]
[SourceVersion "1"]
[SourceVersionDate "2010.11.25"]
[SourceQuality "1"]
[WhiteTeam "Steinfurt (W)"]
[BlackTeam "Erftstadt SV (W)"]
[WhiteTeamCountry "GER"]
[BlackTeamCountry "GER"]

1. e4 c5 2. Nf3 d6 3. Bb5+ Bd7 4. Qe2 Bxb5 5. Qxb5+ Qd7 6. Qe2 Nc6 7. 0-0 Nf6 8. Rd1 g5 9. c3 g4 10. Ne1 Qe6 11. d3 c4 12. Nd2 cxd3 13. Qxd3 a6 14. Nc2 Ne5 15. Qe2 h5 16. Nd4 Qc8 17. Nf1 Bh6 18. Bxh6 Rxh6 19. Nf5 Rg6 20. Rxd6 Qc4 21. Qxc4 Nxc4 22. Rd4 Ne5 23. N1g3 Rc8 24. Rad1 Rg5 25. h4 Rg6 26. Kf1 Nc6 27. R4d2 Ne5 28. Ke2 Nc4 29. Rd4 Ne5 30. a4 Nc6 31. R4d2 Ne5 32. b3 Nc6 33. c4 Ne5 34. f4 gxf3+ 35. gxf3 Nc6 36. Ke3 Rd8 37. Rxd8+ Nxd8 38. e5 Nd7 39. Nxh5 1-0

[Event "NRW Class2 0708"]
[Site "Germany"]
[Date "2008.04.06"]
[Round "8.6"]
[White "Sarana Hungeling, Oksana"]
[Black "Rohde, Ulrich"]
[Result "0-1"]
[WhiteElo "2284"]
[BlackElo "2229"]
[PlyCount "86"]
[EventDate "2007.09.16"]
[EventType "team"]
[EventRounds "9"]
[EventCountry "GER"]
[SourceTitle "EXT 2009"]
[Source "ChessBase"]
[SourceDate "2008.11.26"]
[SourceVersion "1"]
[SourceVersionDate "2008.11.26"]
[SourceQuality "1"]
[WhiteTeam "Emsdetten II"]
[BlackTeam "Godesberg II"]
[WhiteTeamCountry "GER"]
[BlackTeamCountry "GER"]

1. e4 c5 2. Nf3 e6 3. c4 Qc7 4. Nc3 a6 5. Be2 Nf6 6. 0-0 Nc6 7. b3 Nd4 8. d3 Bd6 9. g3 Nxf3+ 10. Bxf3 Be5 11. Bb2 h5 12. Qd2 Rh6 13. Ne2 b6 14. d4 cxd4 15. Bxd4 Bb7 16. Nc3 h4 17. Rad1 hxg3 18. fxg3 Rc8 19. Rfe1 Bxd4+ 20. Qxd4 b5 21. Rc1 bxc4 22. Na4 Qa5 23. Nb6 Qc5 24. Qxc5 Rxc5 25. Nxc4 Ke7 26. Nd2 Rxc1 27. Rxc1 Bc6 28. e5 Nd5 29. Rc5 Nb4 30. Ra5 Bb5 31. a3 Nc2 32. Bd1 Nd4 33. a4 Nc6 34. axb5 Nxa5 35. bxa6 Nc6 36. Nc4 Rh8 37. Be2 Rb8 38. Nd2 Nxe5 39. Kf2 Nc6 40. Ke3 d5 41. h4 Kd6 42. g4 e5 43. h5 Nd4 0-1

[Event "BL2 West 0708 (Women)"]
[Site "Germany"]
[Date "2008.03.16"]
[Round "7.1"]
[White "Mader, Manuela"]
[Black "Sarana Hungeling, Oksana"]
[Result "1-0"]
[WhiteElo "2158"]
[BlackElo "2284"]
[PlyCount "105"]
[EventDate "2007.11.10"]
[EventType "team-tourn"]
[EventRounds "7"]
[EventCountry "GER"]
[SourceTitle "EXT 2009"]
[Source "ChessBase"]
[SourceDate "2008.11.26"]
[SourceVersion "1"]
[SourceVersionDate "2008.11.26"]
[SourceQuality "1"]
[WhiteTeam "Walldorf (W)"]
[BlackTeam "Steinfurt (W)"]
[WhiteTeamCountry "GER"]
[BlackTeamCountry "GER"]

1. e4 c5 2. c3 e6 3. d4 d5 4. exd5 exd5 5. Nf3 Nc6 6. Be3 c4 7. b3 cxb3 8. axb3 Bd6 9. Bd3 Nge7 10. Qc2 Bg4 11. Nbd2 Bh5 12. Nh4 Rc8 13. Qb1 Ng6 14. Nf5 0-0 15. Nxd6 Qxd6 16. Bf5 Nh4 17. Bxc8 Nxg2+ 18. Kf1 Nxe3+ 19. fxe3 Bg6 20. Bf5 Qf6 21. e4 dxe4 22. Qxe4 Bxf5 23. Qf3 g6 24. Kf2 Qg5 25. Qe3 Qh4+ 26. Qg3 Qd8 27. Rhe1 Qd5 28. Nc4 Bc2 29. Ra3 f5 30. Qd6 Be4 31. Qxd5+ Bxd5 32. Nd6 a6 33. c4 Nxd4 34. cxd5 Nc2 35. Ra5 Nxe1 36. Kxe1 Rd8 37. Nxb7 Rd7 38. Nc5 Rxd5 39. b4 Kf7 40. Rxa6 g5 41. Rc6 Ke7 42. Rc7+ Kd6 43. Rxh7 Kc6 44. Ke2 Rd4 45. Nd3 Re4+ 46. Kd2 Kd5 47. Rf7 f4 48. Rf5+ Kd4 49. Nf2 Re3 50. Rxg5 Rb3 51. Rg4 Rb2+ 52. Ke1 Rb1+ 53. Ke2 1-0

[Event "NRW Class2 0708"]
[Site "Germany"]
[Date "2008.01.13"]
[Round "5.6"]
[White "Kraemer, Matthias"]
[Black "Sarana Hungeling, Oksana"]
[Result "1-0"]
[WhiteElo "2284"]
[BlackElo "2284"]
[PlyCount "93"]
[EventDate "2007.09.16"]
[EventType "team"]
[EventRounds "9"]
[EventCountry "GER"]
[SourceTitle "EXT 2009"]
[Source "ChessBase"]
[SourceDate "2008.11.26"]
[SourceVersion "1"]
[SourceVersionDate "2008.11.26"]
[SourceQuality "1"]
[WhiteTeam "Bochum II"]
[BlackTeam "Emsdetten II"]
[WhiteTeamCountry "GER"]
[BlackTeamCountry "GER"]

1. Nf3 Nf6 2. d4 c5 3. d5 b5 4. Bg5 Qb6 5. Nc3 a6 6. a3 g6 7. d6 h6 8. Bh4 g5 9. Bg3 exd6 10. e4 Bb7 11. Nd5 Bxd5 12. exd5 Bg7 13. Bd3 a5 14. 0-0 0-0 15. Rb1 c4 16. Be2 Re8 17. a4 Qc5 18. axb5 Nxd5 19. c3 Qxb5 20. Nd2 Nb6 21. b3 Nc6 22. bxc4 Qc5 23. Rb5 Qa3 24. Rxb6 Qxc3 25. Nb1 Qd4 26. Rb7 Qxd1 27. Bxd1 Ne5 28. Na3 Reb8 29. Rb5 f5 30. Bxe5 Bxe5 31. Bc2 f4 32. Be4 Rxb5 33. cxb5 Rb8 34. Rb1 Kf8 35. b6 Ke7 36. Bd5 Bd4 37. Re1+ Kf6 38. b7 Bc5 39. Nc4 a4 40. Kf1 a3 41. Re2 h5 42. Ke1 g4 43. f3 Kf5 44. Kd1 h4 45. fxg4+ Kxg4 46. Bf3+ Kf5 47. h3 1-0

[Event "BL2 West 0708 (Women)"]
[Site "Germany"]
[Date "2008.01.13"]
[Round "5.1"]
[White "Markgraf, Claudia"]
[Black "Sarana Hungeling, Oksana"]
[Result "0-1"]
[WhiteElo "2032"]
[BlackElo "2284"]
[PlyCount "70"]
[EventDate "2007.11.10"]
[EventType "team-tourn"]
[EventRounds "7"]
[EventCountry "GER"]
[SourceTitle "EXT 2009"]
[Source "ChessBase"]
[SourceDate "2008.11.26"]
[SourceVersion "1"]
[SourceVersionDate "2008.11.26"]
[SourceQuality "1"]
[WhiteTeam "Lehrte (W)"]
[BlackTeam "Steinfurt (W)"]
[WhiteTeamCountry "GER"]
[BlackTeamCountry "GER"]

1. e4 c5 2. Nc3 Nc6 3. g3 g6 4. Bg2 Bg7 5. d3 e6 6. Be3 d6 7. Qd2 Nd4 8. Nd1 e5 9. c3 Nc6 10. Ne2 Rb8 11. 0-0 Nge7 12. d4 b6 13. b4 cxd4 14. cxd4 Qd7 15. d5 Nd8 16. a4 f5 17. Ndc3 0-0 18. Rfc1 Nf7 19. Ra2 fxe4 20. Nb5 a6 21. Nbc3 Nf5 22. Nxe4 Nxe3 23. fxe3 Bb7 24. N2c3 Qe7 25. Rac2 Bh6 26. Nd1 Ng5 27. Nxg5 Qxg5 28. Rc7 Qf5 29. b5 a5 30. Qe2 Rfc8 31. Nb2 Rxc7 32. Rxc7 Qb1+ 33. Nd1 Bxe3+ 34. Kf1 Rf8+ 35. Bf3 Bxd5 0-1

[Event "NRW Class2 0708"]
[Site "Germany"]
[Date "2007.10.14"]
[Round "2.7"]
[White "Sarana Hungeling, Oksana"]
[Black "Reinemer, Frank"]
[Result "0-1"]
[WhiteElo "2284"]
[BlackElo "2215"]
[PlyCount "70"]
[EventDate "2007.09.16"]
[EventType "team"]
[EventRounds "9"]
[EventCountry "GER"]
[SourceTitle "EXT 2009"]
[Source "ChessBase"]
[SourceDate "2008.11.26"]
[SourceVersion "1"]
[SourceVersionDate "2008.11.26"]
[SourceQuality "1"]
[WhiteTeam "Emsdetten II"]
[BlackTeam "Monheim"]
[WhiteTeamCountry "GER"]
[BlackTeamCountry "GER"]

1. e4 Nf6 2. e5 Nd5 3. d4 d6 4. c4 Nb6 5. exd6 cxd6 6. Nc3 g6 7. h3 Bg7 8. Nf3 Bf5 9. Be2 0-0 10. 0-0 Nc6 11. Be3 d5 12. c5 Nc4 13. Qb3 N6a5 14. Qb4 Nxe3 15. fxe3 Bh6 16. Nd1 Qc7 17. Qc3 Nc6 18. b4 Qg3 19. Kh1 e5 20. b5 exd4 21. exd4 Rae8 22. bxc6 Rxe2 23. Ne1 Qh4 24. Nf3 Qg3 25. Ne1 Qb8 26. Qf3 Rfe8 27. Nc3 R2e3 28. Qxd5 bxc6 29. Qxc6 Rxc3 30. Nf3 Be4 31. d5 Bxf3 32. Rab1 Bxg2+ 33. Kg1 Be3+ 34. Kxg2 Rc2+ 35. Kf3 Qf4# 0-1

[Event "Steinfurt Bezirksliga 0506"]
[Site "Germany"]
[Date "2006.03.09"]
[Round "7.1"]
[White "Hokamp, Sascha"]
[Black "Sarana Hungeling, Oksana"]
[Result "1/2-1/2"]
[WhiteElo "2118"]
[BlackElo "2269"]
[PlyCount "94"]
[EventDate "2005.09.24"]
[EventType "team-tourn"]
[EventRounds "9"]
[EventCountry "GER"]
[SourceTitle "EXT 2006"]
[Source "ChessBase"]
[SourceDate "2005.11.24"]
[SourceVersion "1"]
[SourceVersionDate "2005.11.24"]
[SourceQuality "1"]
[WhiteTeam "Reckenfeld"]
[BlackTeam "Emsdetten Turm III"]
[WhiteTeamCountry "GER"]
[BlackTeamCountry "GER"]

1. d4 Nf6 2. Nf3 c5 3. c3 d5 4. g3 Nc6 5. Bg2 e6 6. 0-0 Bd6 7. Re1 0-0 8. Nbd2 b6 9. e4 dxe4 10. Nxe4 Nxe4 11. Rxe4 Bb7 12. Re2 cxd4 13. Nxd4 Nxd4 14. Qxd4 Bxg2 15. Kxg2 Bc5 16. Qxd8 Rfxd8 17. Bf4 Rd3 18. Rd2 Rxd2 19. Bxd2 Rd8 20. Be1 e5 21. Rc1 f5 22. b4 Be7 23. c4 Kf7 24. a3 Ke6 25. Kf1 g5 26. Ke2 g4 27. Bd2 Rxd2+ 28. Kxd2 Bg5+ 29. Kc2 Bxc1 30. Kxc1 e4 31. Kd2 Ke5 32. Kc3 a6 33. a4 h6 34. a5 bxa5 35. bxa5 h5 36. c5 Kd5 37. Kb4 f4 38. gxf4 e3 39. fxe3 h4 40. e4+ Kc6 41. f5 g3 42. hxg3 hxg3 43. f6 g2 44. f7 g1Q 45. f8Q Qe1+ 46. Kb3 Qe3+ 47. Kb2 Qe2+ 1/2-1/2

[Event "Steinfurt Bezirksliga 0506"]
[Site "Germany"]
[Date "2006.01.14"]
[Round "5.1"]
[White "Huesmann, Stephan"]
[Black "Sarana Hungeling, Oksana"]
[Result "1/2-1/2"]
[WhiteElo "1721"]
[BlackElo "2269"]
[PlyCount "83"]
[EventDate "2005.09.24"]
[EventType "team-tourn"]
[EventRounds "9"]
[EventCountry "GER"]
[SourceTitle "EXT 2006"]
[Source "ChessBase"]
[SourceDate "2005.11.24"]
[SourceVersion "1"]
[SourceVersionDate "2005.11.24"]
[SourceQuality "1"]
[WhiteTeam "Berlin Klein Rheine II"]
[BlackTeam "Emsdetten Turm III"]
[WhiteTeamCountry "GER"]
[BlackTeamCountry "GER"]

1. e4 e6 2. d4 d5 3. Nd2 c5 4. exd5 exd5 5. Ndf3 Nc6 6. c3 Bd6 7. Be3 c4 8. Qd2 Nf6 9. h3 Ne4 10. Qc1 0-0 11. Be2 Qc7 12. Bd1 f5 13. Ne2 f4 14. Bd2 Bd7 15. b3 b5 16. Bc2 Rae8 17. a4 b4 18. 0-0 Nxd2 19. Qxd2 bxc3 20. Nxc3 Qa5 21. Na2 Qxd2 22. Nxd2 Nxd4 23. Bd1 cxb3 24. Nxb3 Ne2+ 25. Bxe2 Rxe2 26. Rfd1 Bxa4 27. Nc3 Bxb3 28. Nxe2 Bxd1 29. Rxd1 f3 30. gxf3 Rxf3 31. Rxd5 Bc7 32. Kg2 Ra3 33. Rd7 Bb6 34. Ng3 Ra4 35. Rb7 Rf4 36. f3 Rf7 37. Rb8+ Rf8 38. Rb7 Rc8 39. Ne4 Rc2+ 40. Kg3 Bc7+ 41. Kg4 Kf7 42. Rxa7 1/2-1/2

[Event "Steinfurt Bezirksliga 0506"]
[Site "Germany"]
[Date "2005.10.29"]
[Round "2.1"]
[White "Sarana Hungeling, Oksana"]
[Black "Brito, Daniel"]
[Result "1/2-1/2"]
[WhiteElo "2269"]
[BlackElo "1795"]
[PlyCount "32"]
[EventDate "2005.09.24"]
[EventType "team-tourn"]
[EventRounds "9"]
[EventCountry "GER"]
[SourceTitle "EXT 2006"]
[Source "ChessBase"]
[SourceDate "2005.11.24"]
[SourceVersion "1"]
[SourceVersionDate "2005.11.24"]
[SourceQuality "1"]
[WhiteTeam "Emsdetten Turm III"]
[BlackTeam "Neuenkirchen II"]
[WhiteTeamCountry "GER"]
[BlackTeamCountry "GER"]

1. e4 d6 2. d4 Nf6 3. Nc3 g6 4. Bg5 Bg7 5. h3 c6 6. Qd2 b5 7. Bd3 h6 8. Be3 Qa5 9. f4 b4 10. Nd1 Ba6 11. Nf3 Bxd3 12. cxd3 Nbd7 13. 0-0 0-0 14. Ne1 c5 15. Nc2 Qb6 16. f5 Kh7 1/2-1/2

[Event "Muensterland Verbandsliga 0405"]
[Site "Muensterland"]
[Date "2005.04.16"]
[Round "8.8"]
[White "Sarana Hungeling, Oksana"]
[Black "Van Wamelen, Joop"]
[Result "1-0"]
[WhiteElo "2148"]
[BlackElo "1307"]
[PlyCount "81"]
[EventDate "2004.09.18"]
[EventType "team"]
[EventRounds "9"]
[EventCountry "GER"]
[SourceTitle "EXT 2006"]
[Source "ChessBase"]
[SourceDate "2005.11.24"]
[SourceVersion "1"]
[SourceVersionDate "2005.11.24"]
[SourceQuality "1"]
[WhiteTeam "Emsdetten Turm II"]
[BlackTeam "Muenster II"]
[WhiteTeamCountry "GER"]
[BlackTeamCountry "GER"]

1. e4 c6 2. c4 d5 3. cxd5 cxd5 4. exd5 Qxd5 5. Nc3 Qd8 6. d4 e6 7. Nf3 Nf6 8. Bd3 Nc6 9. 0-0 Be7 10. a3 Nxd4 11. Nxd4 a6 12. Be3 0-0 13. Rc1 Nd5 14. Nxd5 Qxd5 15. Qc2 g6 16. Be4 Qd6 17. Rfd1 Bf6 18. Nb3 Qe7 19. Bc5 Qc7 20. Bxf8 Qxc2 21. Rxc2 Kxf8 22. Nc5 Rb8 23. Nd7+ Bxd7 24. Rxd7 b5 25. b4 Be5 26. Bb7 Ke8 27. Bc6 Kf8 28. Ra7 Rd8 29. g3 Rd1+ 30. Kg2 h5 31. Rxa6 h4 32. Bxb5 g5 33. Be2 Rd4 34. b5 Ke7 35. Ra7+ Kf6 36. Bh5 Kf5 37. Rxf7+ Ke4 38. Bg6+ Kd5 39. Rd7+ Bd6 40. Rc6 h3+ 41. Kxh3 1-0

[Event "Muensterland Verbandsklasse-A 0405"]
[Site "Muensterland"]
[Date "2005.01.22"]
[Round "5.2"]
[White "Reinhold, Klaus"]
[Black "Sarana Hungeling, Oksana"]
[Result "1/2-1/2"]
[WhiteElo "1953"]
[BlackElo "2140"]
[PlyCount "48"]
[EventDate "2004.09.11"]
[EventType "team"]
[EventRounds "9"]
[EventCountry "GER"]
[SourceTitle "EXT 2006"]
[Source "ChessBase"]
[SourceDate "2005.11.24"]
[SourceVersion "1"]
[SourceVersionDate "2005.11.24"]
[SourceQuality "1"]
[WhiteTeam "Gronau"]
[BlackTeam "Emsdetten Turm III"]
[WhiteTeamCountry "GER"]
[BlackTeamCountry "GER"]

1. d4 Nf6 2. c4 e6 3. g3 Bb4+ 4. Bd2 Bxd2+ 5. Qxd2 d5 6. Bg2 0-0 7. Nf3 Ne4 8. Qc2 f5 9. 0-0 b6 10. Nbd2 Bb7 11. Rac1 Na6 12. Rfd1 Qe7 13. Ne5 c5 14. cxd5 exd5 15. e3 cxd4 16. exd4 Rac8 17. Qb1 Rxc1 18. Qxc1 Rc8 19. Qb1 Qc7 20. Bf1 Qc2 21. Bd3 Qxb1 22. Nxb1 Nb4 23. f3 Nxd3 24. Nxd3 Ba6 1/2-1/2

[Event "Muensterland Verbandsliga 0405"]
[Site "Muensterland"]
[Date "2004.10.09"]
[Round "2.7"]
[White "Fischer, Andreas"]
[Black "Sarana Hungeling, Oksana"]
[Result "1/2-1/2"]
[WhiteElo "1879"]
[BlackElo "2148"]
[PlyCount "91"]
[EventDate "2004.09.18"]
[EventType "team"]
[EventRounds "9"]
[EventCountry "GER"]
[SourceTitle "EXT 2006"]
[Source "ChessBase"]
[SourceDate "2005.11.24"]
[SourceVersion "1"]
[SourceVersionDate "2005.11.24"]
[SourceQuality "1"]
[WhiteTeam "Saerbeck"]
[BlackTeam "Emsdetten Turm II"]
[WhiteTeamCountry "GER"]
[BlackTeamCountry "GER"]

1. e4 c5 2. Nf3 Nc6 3. Bb5 g6 4. Bxc6 dxc6 5. d3 Bg7 6. 0-0 e5 7. Be3 b6 8. Nbd2 f6 9. a4 Be6 10. a5 Nh6 11. axb6 axb6 12. h3 0-0 13. Nc4 Qc7 14. Qd2 Nf7 15. Qc3 Rfb8 16. b3 Bf8 17. Rxa8 Rxa8 18. Ra1 Ra7 19. Qb2 Nd8 20. Ra2 Bf7 21. Qa1 Rxa2 22. Qxa2 b5 23. Nb2 Qb7 24. Qa5 Ne6 25. g3 Nd4 26. Nxd4 cxd4 27. Bd2 Qe7 28. Qa8 Qa3 29. Qxa3 Bxa3 30. Nd1 Be6 31. Kg2 c5 32. f3 Kf7 33. Nf2 c4 34. bxc4 bxc4 35. Kf1 c3 36. Be1 Bc1 37. Ke2 h5 38. g4 h4 39. g5 fxg5 40. Ng4 Bf4 41. Bf2 Ke7 42. Bg1 Kd6 43. Kd1 Kc5 44. Bh2 Bxg4 45. fxg4 Bxh2 46. Kc1 1/2-1/2

[Event "Muensterland Verbandsklasse-A 0304"]
[Site "Germany"]
[Date "2004.01.17"]
[Round "5.2"]
[White "Sarana Hungeling, Oksana"]
[Black "Berger, Alfred Josef"]
[Result "1/2-1/2"]
[WhiteElo "2305"]
[BlackElo "1814"]
[PlyCount "49"]
[EventDate "2003.09.20"]
[EventType "team"]
[EventRounds "9"]
[EventCountry "GER"]
[SourceTitle "EXT 2005"]
[Source "ChessBase"]
[SourceDate "2004.11.15"]
[SourceVersion "1"]
[SourceVersionDate "2004.11.15"]
[SourceQuality "1"]
[WhiteTeam "Emsdetten Turm III"]
[BlackTeam "Heiden II"]
[WhiteTeamCountry "GER"]
[BlackTeamCountry "GER"]

1. e4 e6 2. d4 d5 3. Nd2 dxe4 4. Nxe4 Bd7 5. Nf3 Bc6 6. Bd3 Bxe4 7. Bxe4 c6 8. c3 Nf6 9. Bc2 Be7 10. 0-0 0-0 11. Qd3 Nbd7 12. Bg5 Re8 13. Rfe1 g6 14. Rad1 Nd5 15. Bh6 Bf6 16. Ne5 Nxe5 17. dxe5 Bg5 18. Bxg5 Qxg5 19. Qf3 Rad8 20. Rd4 Nb6 21. h4 Qe7 22. Red1 Rxd4 23. Rxd4 Rd8 24. Qd1 Rd5 25. Rxd5 1/2-1/2

[Event "Muensterland Verbandsklasse-A 0304"]
[Site "Germany"]
[Date "2003.10.04"]
[Round "2.1"]
[White "Sarana Hungeling, Oksana"]
[Black "Meyer, Ulrich"]
[Result "1-0"]
[WhiteElo "2305"]
[BlackElo "2176"]
[PlyCount "71"]
[EventDate "2003.09.20"]
[EventType "team"]
[EventRounds "9"]
[EventCountry "GER"]
[SourceTitle "EXT 2005"]
[Source "ChessBase"]
[SourceDate "2004.11.15"]
[SourceVersion "1"]
[SourceVersionDate "2004.11.15"]
[SourceQuality "1"]
[WhiteTeam "Emsdetten Turm III"]
[BlackTeam "Muenster Indische Dame"]
[WhiteTeamCountry "GER"]
[BlackTeamCountry "GER"]

1. d4 Nf6 2. c4 e6 3. Nf3 c5 4. e3 Be7 5. Nc3 0-0 6. Be2 d5 7. 0-0 b6 8. cxd5 exd5 9. Ne5 Bb7 10. Qa4 a6 11. dxc5 b5 12. Qd4 Nfd7 13. Nxd7 Nxd7 14. b4 Bf6 15. Qd2 Ne5 16. Rd1 Nc4 17. Qc2 Qe8 18. Rb1 Qe5 19. Rb3 Rfe8 20. Bf3 Rad8 21. Ne2 Qg5 22. e4 Qe5 23. Bf4 Qe7 24. exd5 Bxd5 25. Bxd5 Qxe2 26. Qxe2 Rxe2 27. Kf1 Rxa2 28. c6 Re8 29. c7 g5 30. Bc6 Rf8 31. Rg3 h6 32. h4 Nb6 33. hxg5 hxg5 34. Bxg5 Be5 35. Bf4+ Bg7 36. Bh6 1-0

[Event "Muensterland Verbandsliga 0203"]
[Site "Muensterland"]
[Date "2002.12.07"]
[Round "4.3"]
[White "Sarana Hungeling, Oksana"]
[Black "Schulze Ameling, Hendrik"]
[Result "1-0"]
[WhiteElo "2291"]
[BlackElo "1976"]
[PlyCount "83"]
[EventDate "2002.09.21"]
[EventType "team"]
[EventRounds "9"]
[EventCountry "GER"]
[SourceTitle "EXT 2004"]
[Source "ChessBase"]
[SourceDate "2003.11.25"]
[SourceVersion "1"]
[SourceVersionDate "2003.11.25"]
[SourceQuality "1"]
[WhiteTeam "Emsdetten Turm II"]
[BlackTeam "Ahaus Wessum"]
[WhiteTeamCountry "GER"]
[BlackTeamCountry "GER"]

1. e4 e6 2. d4 d5 3. Nd2 Nf6 4. e5 Nfd7 5. Bd3 c5 6. c3 Nc6 7. Ne2 cxd4 8. cxd4 f6 9. exf6 Nxf6 10. Nf3 Bd6 11. 0-0 Qc7 12. Bg5 0-0 13. Bh4 g6 14. Rc1 Qg7 15. Bg3 Bxg3 16. Nxg3 Ng4 17. Bb5 Bd7 18. Bxc6 bxc6 19. h3 Nh6 20. Ne5 Rab8 21. Qd2 Nf5 22. Nxf5 gxf5 23. Nxc6 Rb7 24. Ne5 Bb5 25. Rfe1 f4 26. Rc3 Be8 27. Rec1 Kh8 28. Kh2 Rg8 29. g3 Qh6 30. g4 Qg7 31. b3 h5 32. Qxf4 Rf8 33. Qd2 hxg4 34. hxg4 Bg6 35. Rc8 Be4 36. Kg3 Qf6 37. f3 Bh7 38. Rxf8+ Qxf8 39. Rh1 Rg7 40. Qh6 Qb4 41. Qxe6 Qxd4 42. Nf7+ 1-0

[Event "BL 0102 (Women)"]
[Site "Germany"]
[Date "2002.03.03"]
[Round "7.6"]
[White "Hielscher, Ursula"]
[Black "Sarana Hungeling, Oksana"]
[Result "0-1"]
[WhiteElo "2015"]
[BlackElo "2279"]
[PlyCount "60"]
[EventDate "2001.10.27"]
[EventType "team-tourn"]
[EventRounds "11"]
[EventCountry "GER"]
[SourceTitle "EXT 2003"]
[Source "ChessBase"]
[SourceDate "2002.11.25"]
[SourceVersion "1"]
[SourceVersionDate "2002.11.25"]
[SourceQuality "1"]
[WhiteTeam "Kiel"]
[BlackTeam "Emsdetten Turm (W)"]
[WhiteTeamCountry "GER"]
[BlackTeamCountry "GER"]

1. d4 Nf6 2. Bg5 c5 3. Bxf6 gxf6 4. e3 Qb6 5. b3 cxd4 6. Qxd4 Qxd4 7. exd4 Nc6 8. c3 d5 9. Na3 Bf5 10. Nf3 e5 11. Nb1 exd4 12. cxd4 Bb4+ 13. Nbd2 Bc3 14. Rc1 Bb2 15. Rc5 0-0-0 16. Bb5 Rhe8+ 17. Kd1 Kc7 18. Nc4 dxc4 19. Rxf5 cxb3 20. axb3 Bxd4 21. Kc1 Re6 22. Bc4 Red6 23. Nxd4 Nxd4 24. Rh5 b5 25. Bxf7 R6d7 26. Rxh7 Nxb3+ 27. Kb2 Nc5 28. Rc1 Kb6 29. Bg6 Rxh7 30. Bxh7 Rh8 0-1

[Event "Bayern-chI Bank Hofmann 4th"]
[Site "Bad Wiessee"]
[Date "2000.10.31"]
[Round "4"]
[White "Sarana Hungeling, Oksana"]
[Black "Ristic, Nenad"]
[Result "0-1"]
[WhiteElo "2252"]
[BlackElo "2427"]
[PlyCount "118"]
[EventDate "2000.10.28"]
[EventType "swiss"]
[EventRounds "9"]
[EventCountry "GER"]
[SourceTitle "EXT 2003"]
[Source "ChessBase"]
[SourceDate "2002.11.25"]
[SourceVersion "1"]
[SourceVersionDate "2002.11.25"]
[SourceQuality "1"]

1. e4 c5 2. Nf3 e6 3. c4 Nc6 4. Nc3 Nf6 5. Be2 Be7 6. 0-0 0-0 7. a3 d5 8. exd5 exd5 9. d4 dxc4 10. dxc5 Qxd1 11. Rxd1 Na5 12. Ne5 Be6 13. Be3 Rfc8 14. Na4 Nb3 15. c6 b5 16. Nc3 Nxa1 17. Rxa1 Nd5 18. Nxb5 Nxe3 19. fxe3 Rab8 20. a4 a6 21. Nd4 Rxb2 22. Bxc4 Bf6 23. Nxe6 Bxe5 24. Rd1 Rbb8 25. c7 Bxc7 26. Nxc7 Rxc7 27. Bxa6 Kf8 28. Bb5 Ke7 29. Kf2 Rd8 30. Rxd8 Kxd8 31. Kf3 Ke7 32. Be2 Rc5 33. h3 Ke6 34. Bd3 Ke5 35. g3 Rc3 36. Be2 Ra3 37. Bb5 f5 38. h4 g6 39. Be8 Kf6 40. Bd7 h6 41. Bb5 Ke5 42. Ke2 Ra2+ 43. Kf3 Ra3 44. Ke2 g5 45. hxg5 hxg5 46. Bc6 Rc3 47. Bb7 Rc7 48. Ba8 Rc4 49. a5 Rc2+ 50. Kf1 Ra2 51. Bb7 Rxa5 52. Kf2 Ra2+ 53. Kf1 Rb2 54. Bc6 Kd6 55. Bf3 Kc5 56. Be2 Kd5 57. Bf3+ Kc4 58. e4 g4 59. Be2+ Rxe2 0-1